Island Country Shapes - Statistics

General Stats
  • This quiz has been taken 80 times
  • The average score is 40 of 47
Answer Stats
Picture Answer % Correct
Cuba
97%
Cyprus
94%
The Bahamas
94%
Indonesia
90%
Ireland
90%
New Zealand
90%
Dominica
89%
Iceland
89%
Jamaica
89%
Japan
89%
Marshall Islands
89%
Sri Lanka
89%
United Kingdom
89%
Comoros
87%
Dominican Republic
87%
Haiti
87%
Madagascar
87%
Maldives
87%
Malta
87%
Nauru
87%
Papua New Guinea
87%
The Philippines
87%
Trinidad and Tobago
87%
Antigua and Barbuda
85%
F. S. Micronesia
85%
Solomon Islands
85%
St. Kitts and Nevis
85%
St. Lucia
85%
Barbados
84%
Brunei
84%
Cape Verde
84%
Grenada
84%
Palau
84%
St. Vincent and the Grenadines
84%
Taiwan
84%
Tonga
84%
Tuvalu
84%
Vanuatu
84%
Fiji
82%
Kiribati
82%
Samoa
82%
Seychelles
82%
Bahrain
81%
Singapore
81%
East Timor
77%
Mauritius
76%
São Tomé and Príncipe
76%
No matching quizzes found
Score Distribution
Percent of People with Each Score
Percentile by Number Answered
Your Score History
You have not taken this quiz